000 02658cam a22004094a 4500
999 _c17486
_d17486
001 13796073
003 OSt
005 20210614120749.0
008 041118s2005 maua b 001 0 eng
010 _a 2004027317
020 _a0763726036
035 _a(DNLM)101234437
040 _aMMU
_cMMU
_dMMU
_beng
042 _apcc
043 _an-us---
050 0 0 _aRT82
_b.R587 2005
060 1 0 _aWY 16
_bR745 2005
082 0 0 _a610.73
_222
245 0 0 _aRole development in professional nursing practice /
_c[edited by] Kathleen Masters.
260 _aSudbury, Mass. :
_bJones and Bartlett,
_cc2005.
300 _aix, 347 p. :
_bill. ;
_c23 cm.
504 _aIncludes bibliographical references and index.
505 0 _aA history of healthcare and nursing / Karen Saucier Lundy -- Framework of professional nursing practice / Kathleen R. Masters -- Philosophy of nursing / Mary W. Stewart -- Moral and ethical dimensions in professional nursing practice / Janie Butts & Karen Rich -- Clinical judgment in professional nursing / Bonnie Saucier -- Education and socialization to the professional nursing role / Patricia Becker Hentz -- The social context of professional nursing / Mary W. Stewart -- Care of professional self / Dianna H. Douglas & Danny G. Willis -- Career management in professional nursing / Luann M. Daggett -- Professional nursing care of the client / Lizabeth L. Carlson -- The role of the professional nurse in patient education / Kathleen Masters -- Communication and the nurse-client relationship / Selen Steen Lauterbach -- Ethics in nursing relationships, professional practice, and healthcare / Janie Butts & Karen Rich -- Law and the professional nurse / Kathleen Driscoll -- Informatics and technology in nursing practice / Kay Coltharp Cater -- Developing professional nurses as leaders on the healthcare team / Anna Brock -- The role of the professional nurse in human resource management / Kandy Smith -- The role of the professional nurse in quality management / Cynthia Luther -- Economics of healthcare / Sherry Hartman.
650 0 _aNursing.
650 0 _aNursing
_xStandards.
650 0 _aNursing
_xPractice
_zUnited States.
650 1 2 _aNursing
_xstandards.
650 1 2 _aNursing
_xtrends.
650 2 2 _aNurse's Role.
650 2 2 _aPhilosophy, Nursing.
650 2 2 _aProfessional Practice.
700 1 _aMasters, Kathleen.
856 4 1 _3Table of contents
_uhttp://www.loc.gov/catdir/toc/ecip054/2004027317.html
906 _a7
_bcbc
_corignew
_d1
_eecip
_f20
_gy-gencatlg
942 _2lcc
_cLOAN LOAN